000 00297nam a2200121Ia 4500
008 240624s9999 xx 000 0 und d
041 _aeng
082 _a658.401 LAU
100 _aLAURSEN GERT H
245 _aBUSINESS ANALYTICS FOR MANAGERS
260 _c2010
_aNew Jersey
_bJohn Wiley
365 _c
999 _c21617
_d21617